000 00395nam a2200145Ia 4500
008 100122s9999 xx 000 0 und d
082 _b6065
_a823.08
100 _aआंबराईकर लखजी
245 _aओवाळणी
260 _bछाया प्रकाशन
_c1924
300 _a50
630 _aओवाळणी
730 _aओवाळणी
942 _cBOOK
999 _c399183
_d399180